[Event "Nationale pupillendag 2013"]
[Site "Roosendaal"]
[Date "2013.06.15"]
[Round "4.11"]
[White "Van Steenoven, Luuk"]
[Black "Kentstra, Thomas"]
[Result "1-0"]
[LiveChessVersion "1.4.2"]
[BlackElo "564"]
[WhiteElo "939"]

1. e4 {[%clk 0:19:59]} e5 {[%clk 0:19:56]} 2. Nf3 {[%clk 0:19:58]} Nf6
{[%clk 0:19:51]} 3. Nxe5 {[%clk 0:19:57]} d6 {[%clk 0:19:46]} 4. Nf3
{[%clk 0:19:55]} Nxe4 {[%clk 0:19:41]} 5. Bc4 {[%clk 0:19:54]} Bg4
{[%clk 0:19:06]} 6. d3 {[%clk 0:19:50]} Bxf3 {[%clk 0:18:48]} 7. Qxf3
{[%clk 0:19:38]} Ng5 {[%clk 0:18:41]} 8. Bxg5 {[%clk 0:19:31]} f6
{[%clk 0:18:32]} 9. Qe4+ {[%clk 0:19:21]} Be7 {[%clk 0:18:25]} 10. Qxb7
{[%clk 0:19:08]} Nd7 {[%clk 0:18:17]} 11. Bf4 {[%clk 0:18:56]} Nc5
{[%clk 0:17:59]} 12. Qc6+ {[%clk 0:18:37]} Nd7 {[%clk 0:17:50]} 13. Qd5
{[%clk 0:18:35]} g5 {[%clk 0:16:35]} 14. Qf7# 1-0

[Event "Nationale pupillendag 2013"]
[Site "Roosendaal"]
[Date "2013.06.15"]
[Round "4.12"]
[White "Van Wijk, Justin"]
[Black "Van Cleef, Matteo"]
[Result "0-1"]
[LiveChessVersion "1.4.2"]
[BlackElo "683"]
[WhiteElo "309"]

1. e4 {[%clk 0:19:58]} e5 {[%clk 0:19:59]} 2. Nc3 {[%clk 0:19:52]} Nc6
{[%clk 0:19:52]} 3. Nf3 {[%clk 0:19:48]} Nf6 {[%clk 0:19:49]} 4. d3
{[%clk 0:19:46]} Bc5 {[%clk 0:19:40]} 5. Qd2 {[%clk 0:19:37]} d6 {[%clk 0:19:25]}
6. Qg5 {[%clk 0:19:32]} O-O {[%clk 0:18:59]} 7. Nd5 {[%clk 0:19:24]} Nd7
{[%clk 0:17:57]} 8. Ne7+ {[%clk 0:18:57]} Qxe7 {[%clk 0:17:35]} 9. Qxe7
{[%clk 0:18:45]} Nxe7 {[%clk 0:17:34]} 10. d4 {[%clk 0:18:24]} exd4
{[%clk 0:17:30]} 11. Bb5 {[%clk 0:18:14]} a6 {[%clk 0:17:11]} 12. Bc4
{[%clk 0:18:08]} Nc6 {[%clk 0:16:57]} 13. Ng5 {[%clk 0:18:05]} Nde5
{[%clk 0:16:06]} 14. Bd5 {[%clk 0:17:50]} Nb4 {[%clk 0:15:50]} 15. O-O
{[%clk 0:17:06]} Nxc2 {[%clk 0:15:34]} 16. Rb1 {[%clk 0:16:59]} c6
{[%clk 0:15:20]} 17. Bb3 {[%clk 0:16:49]} Nb4 {[%clk 0:15:15]} 18. f4
{[%clk 0:16:40]} Ned3 {[%clk 0:14:36]} 19. Bxf7+ Rxf7 20. Nxf7 {[%clk 0:16:23]}
Kxf7 {[%clk 0:14:36]} 21. Bd2 {[%clk 0:16:15]} Nc2 {[%clk 0:14:06]} 22. e5
{[%clk 0:16:01]} Ne3 {[%clk 0:13:50]} 23. exd6 {[%clk 0:15:27]} Nxf1
{[%clk 0:13:43]} 24. Kxf1 {[%clk 0:15:21]} Bxd6 {[%clk 0:13:39]} 25. g4
{[%clk 0:15:05]} Nxf4 {[%clk 0:13:31]} 26. h4 {[%clk 0:14:58]} Bxg4
{[%clk 0:13:23]} 27. Bxf4 Bxf4 28. Re1 {[%clk 0:14:46]} Re8 {[%clk 0:13:13]} 29.
Rxe8 Kxe8 30. b3 {[%clk 0:14:30]} Ke7 {[%clk 0:13:10]} 31. Kf2 {[%clk 0:14:27]}
Kf6 {[%clk 0:13:08]} 32. a4 {[%clk 0:14:11]} Ke5 {[%clk 0:13:06]} 33. b4
{[%clk 0:14:09]} Ke4 {[%clk 0:13:04]} 34. b5 {[%clk 0:13:55]} cxb5
{[%clk 0:13:03]} 35. axb5 {[%clk 0:13:50]} axb5 {[%clk 0:13:02]} 36. h5
{[%clk 0:13:39]} Bxh5 {[%clk 0:13:01]} 37. Kg2 {[%clk 0:13:33]} Bg4
{[%clk 0:12:59]} 38. Kf2 {[%clk 0:13:29]} d3 {[%clk 0:12:53]} 39. Kg2
{[%clk 0:13:24]} b4 {[%clk 0:12:48]} 40. Kf2 {[%clk 0:13:22]} b3 {[%clk 0:12:48]}
41. Kg2 {[%clk 0:13:20]} b2 {[%clk 0:12:47]} 42. Kf2 {[%clk 0:13:17]} 0-1

[Event "Nationale pupillendag 2013"]
[Site "Roosendaal"]
[Date "2013.06.15"]
[Round "4.14"]
[White "Raulji, Kavya"]
[Black "Reina, Leon"]
[Result "0-1"]
[LiveChessVersion "1.4.2"]
[BlackElo "738"]
[WhiteElo "189"]

1. e4 {[%clk 0:19:58]} e5 {[%clk 0:19:59]} 2. Nf3 {[%clk 0:19:56]} Nc6
{[%clk 0:19:58]} 3. Bb5 {[%clk 0:19:54]} Nf6 {[%clk 0:19:52]} 4. Nc3
{[%clk 0:19:51]} Bc5 {[%clk 0:19:49]} 5. O-O d6 6. Bxc6+ {[%clk 0:19:43]} bxc6
{[%clk 0:19:47]} 7. d3 {[%clk 0:19:03]} Bg4 {[%clk 0:19:41]} 8. h3
{[%clk 0:18:56]} Bh5 {[%clk 0:19:38]} 9. Be3 {[%clk 0:18:49]} Bb6
{[%clk 0:19:29]} 10. Bxb6 {[%clk 0:18:42]} cxb6 {[%clk 0:19:28]} 11. b3
{[%clk 0:18:27]} d5 {[%clk 0:19:26]} 12. a4 {[%clk 0:18:08]} d4 {[%clk 0:19:23]}
13. Nb1 {[%clk 0:16:58]} b5 {[%clk 0:19:10]} 14. c4 {[%clk 0:16:49]} bxc4
{[%clk 0:18:57]} 15. dxc4 {[%clk 0:16:42]} c5 {[%clk 0:18:50]} 16. Qd2
{[%clk 0:16:23]} Nxe4 {[%clk 0:18:38]} 17. Qd3 {[%clk 0:16:09]} Bxf3
{[%clk 0:18:32]} 18. Qxf3 {[%clk 0:16:06]} Ng5 {[%clk 0:18:15]} 19. Qc6+
{[%clk 0:15:52]} Ke7 {[%clk 0:18:07]} 20. Qxc5+ {[%clk 0:15:45]} Qd6
{[%clk 0:18:03]} 21. Qb5 {[%clk 0:15:27]} d3 {[%clk 0:17:39]} 22. Nc3
{[%clk 0:15:23]} Qd4 {[%clk 0:17:25]} 23. Qb7+ {[%clk 0:15:17]} Ke6
{[%clk 0:17:20]} 24. Qa6+ {[%clk 0:15:03]} Qb6 {[%clk 0:17:04]} 25. Qb5
{[%clk 0:14:07]} Qxb5 {[%clk 0:16:50]} 26. Nxb5 {[%clk 0:14:05]} Rab8
{[%clk 0:16:43]} 27. Rad1 {[%clk 0:14:03]} Rhd8 {[%clk 0:16:32]} 28. Nc7+
{[%clk 0:13:52]} Ke7 {[%clk 0:16:15]} 29. Rfe1 {[%clk 0:13:39]} Rxb3
{[%clk 0:16:05]} 30. Rxe5+ {[%clk 0:13:36]} Kd6 {[%clk 0:16:04]} 31. Rd5+
{[%clk 0:13:04]} Kxc7 {[%clk 0:16:02]} 32. Rxg5 {[%clk 0:12:59]} d2
{[%clk 0:16:01]} 33. Rc5+ {[%clk 0:12:41]} Kb6 {[%clk 0:15:52]} 34. Kh2
{[%clk 0:12:10]} Kxc5 {[%clk 0:15:50]} 35. g3 {[%clk 0:11:44]} Rc3
{[%clk 0:15:49]} 36. a5 {[%clk 0:11:27]} Rc1 {[%clk 0:15:47]} 37. Rxc1
{[%clk 0:10:25]} dxc1=Q {[%clk 0:15:41]} 38. a6 {[%clk 0:10:15]} Rd2
{[%clk 0:15:38]} 39. Kg2 {[%clk 0:10:10]} Qe1 {[%clk 0:15:34]} 40. h4
{[%clk 0:10:00]} Rxf2+ {[%clk 0:15:32]} 41. Kh3 {[%clk 0:09:57]} Qh1+
{[%clk 0:15:30]} 42. Kg4 {[%clk 0:09:54]} f5+ {[%clk 0:15:29]} 43. Kh5
{[%clk 0:09:49]} Rh2 {[%clk 0:15:23]} 44. Kg5 Rxh4 45. Kxf5 {[%clk 0:09:36]} Qf3+
{[%clk 0:15:21]} 46. Kg5 {[%clk 0:09:31]} Rg4+ {[%clk 0:15:20]} 47. Kh5
{[%clk 0:09:23]} Qf5# {[%clk 0:15:19]} 0-1

[Event "Nationale pupillendag 2013"]
[Site "Roosendaal"]
[Date "2013.06.15"]
[Round "4.15"]
[White "Mooibroek, Willem"]
[Black "Bötticher, Roderick"]
[Result "1-0"]
[LiveChessVersion "1.4.2"]
[BlackElo "345"]
[WhiteElo "358"]

1. e4 {[%clk 0:19:58]} e5 {[%clk 0:19:59]} 2. Nf3 {[%clk 0:19:56]} Nf6
{[%clk 0:19:55]} 3. Nc3 {[%clk 0:19:51]} Nc6 {[%clk 0:19:52]} 4. Bb5
{[%clk 0:19:47]} Bb4 {[%clk 0:19:46]} 5. O-O {[%clk 0:19:37]} Bxc3
{[%clk 0:19:43]} 6. dxc3 {[%clk 0:19:32]} a6 {[%clk 0:19:39]} 7. Bxc6
{[%clk 0:19:26]} bxc6 {[%clk 0:19:25]} 8. Nxe5 {[%clk 0:19:23]} Nxe4
{[%clk 0:19:16]} 9. Qg4 {[%clk 0:19:06]} Nd6 {[%clk 0:18:21]} 10. Qxg7
{[%clk 0:19:02]} Ke7 {[%clk 0:18:10]} 11. Bg5+ {[%clk 0:18:59]} Ke6
{[%clk 0:18:03]} 12. Bxd8 {[%clk 0:18:55]} Rxd8 {[%clk 0:17:49]} 13. Qg5 f6
{[%clk 0:17:43]} 14. Qg4+ {[%clk 0:18:29]} Kxe5 {[%clk 0:17:12]} 15. Rfe1+
{[%clk 0:18:26]} Kd5 {[%clk 0:17:07]} 16. c4+ {[%clk 0:18:16]} Kc5
{[%clk 0:16:55]} 17. b4+ {[%clk 0:18:07]} Kxb4 18. Rab1+ Kc3 19. Rec1 Nxc4
{[%clk 0:16:24]} 20. Rb3+ {[%clk 0:18:04]} Kd2 {[%clk 0:16:06]} 21. Qd1# 1-0

[Event "Nationale pupillendag 2013"]
[Site "Roosendaal"]
[Date "2013.06.15"]
[Round "4.16"]
[White "Jansen, Enno"]
[Black "Pham, Khoi"]
[Result "0-1"]
[LiveChessVersion "1.4.2"]
[BlackElo "948"]
[WhiteElo "385"]

1. e4 {[%clk 0:19:57]} e5 {[%clk 0:19:59]} 2. Nf3 {[%clk 0:19:55]} Nc6
{[%clk 0:19:58]} 3. Bc4 {[%clk 0:19:43]} Nf6 {[%clk 0:19:57]} 4. Nc3
{[%clk 0:19:41]} Bc5 {[%clk 0:19:52]} 5. O-O {[%clk 0:19:38]} d6 {[%clk 0:19:51]}
6. d3 {[%clk 0:19:36]} Bg4 {[%clk 0:19:49]} 7. h3 {[%clk 0:19:29]} Bh5
{[%clk 0:19:48]} 8. Bg5 {[%clk 0:19:21]} Nd4 {[%clk 0:19:40]} 9. Nxd4
{[%clk 0:19:08]} Bxd1 {[%clk 0:19:37]} 10. Raxd1 {[%clk 0:19:04]} exd4
{[%clk 0:19:33]} 11. Nb5 {[%clk 0:18:58]} h6 {[%clk 0:19:28]} 12. Bxf6
{[%clk 0:18:55]} gxf6 {[%clk 0:19:22]} 13. g3 {[%clk 0:18:42]} Rg8
{[%clk 0:19:20]} 14. c3 {[%clk 0:18:36]} dxc3 {[%clk 0:19:16]} 15. bxc3
{[%clk 0:18:35]} a6 {[%clk 0:19:14]} 16. Nd4 {[%clk 0:18:29]} Bxd4
{[%clk 0:19:06]} 17. cxd4 Qe7 {[%clk 0:19:03]} 18. Rde1 {[%clk 0:18:18]} O-O-O
{[%clk 0:18:58]} 19. Bd5 {[%clk 0:18:09]} c6 {[%clk 0:18:56]} 20. Bc4
{[%clk 0:18:04]} b5 {[%clk 0:18:54]} 21. Bb3 {[%clk 0:18:00]} Qd7
{[%clk 0:18:43]} 22. f4 {[%clk 0:17:31]} Rxg3+ {[%clk 0:18:33]} 23. Kh2
{[%clk 0:17:29]} Qxh3# {[%clk 0:18:30]} 0-1

[Event "Nationale pupillendag 2013"]
[Site "Roosendaal"]
[Date "2013.06.15"]
[Round "4.19"]
[White "Adema, Wessel"]
[Black "Huynh, Selina"]
[Result "1-0"]
[LiveChessVersion "1.4.2"]
[BlackElo "286"]
[WhiteElo "557"]

1. e4 {[%clk 0:19:59]} e5 {[%clk 0:19:59]} 2. Nf3 {[%clk 0:19:56]} Nc6
{[%clk 0:19:58]} 3. Bc4 {[%clk 0:19:55]} Bc5 {[%clk 0:19:53]} 4. Nc3
{[%clk 0:19:54]} Nf6 {[%clk 0:19:48]} 5. d3 {[%clk 0:19:52]} Ng4 {[%clk 0:19:38]}
6. O-O {[%clk 0:19:49]} Nxf2 {[%clk 0:19:29]} 7. Qe1 {[%clk 0:19:31]} O-O
{[%clk 0:19:20]} 8. Bg5 {[%clk 0:19:26]} Qe8 {[%clk 0:19:14]} 9. Rxf2
{[%clk 0:18:45]} Bxf2+ {[%clk 0:19:11]} 10. Qxf2 {[%clk 0:18:43]} d6
{[%clk 0:18:58]} 11. Nd5 {[%clk 0:18:37]} Rb8 {[%clk 0:18:46]} 12. Nxc7
{[%clk 0:18:32]} Qd7 {[%clk 0:18:42]} 13. Nd5 {[%clk 0:18:18]} Na5
{[%clk 0:18:35]} 14. Qxa7 {[%clk 0:18:04]} Nc6 {[%clk 0:18:09]} 15. Qf2
{[%clk 0:17:42]} b6 {[%clk 0:17:55]} 16. Qg3 {[%clk 0:17:36]} Bb7
{[%clk 0:17:25]} 17. Bh6 {[%clk 0:17:34]} g6 {[%clk 0:17:18]} 18. Nf6+
{[%clk 0:17:30]} Kh8 {[%clk 0:17:10]} 19. Nxd7 {[%clk 0:17:28]} Rfd8 20. Nxb8
{[%clk 0:17:22]} Rxb8 {[%clk 0:16:53]} 21. Bxf7 {[%clk 0:17:17]} Ne7
{[%clk 0:16:34]} 22. Bg5 {[%clk 0:17:01]} Kg7 {[%clk 0:16:00]} 23. Bxe7
{[%clk 0:16:53]} Kxf7 {[%clk 0:15:50]} 24. Bxd6 {[%clk 0:16:50]} Rd8
{[%clk 0:15:42]} 25. Qxe5 {[%clk 0:16:43]} Re8 {[%clk 0:15:15]} 26. Qb5
{[%clk 0:16:24]} Re6 {[%clk 0:15:00]} 27. Qxb6 {[%clk 0:16:19]} Bc8
{[%clk 0:14:48]} 28. Qc7+ {[%clk 0:16:12]} Ke8 {[%clk 0:14:28]} 29. Qxc8+
{[%clk 0:16:04]} Kf7 {[%clk 0:14:19]} 30. Be5 {[%clk 0:15:57]} Ke7
{[%clk 0:13:31]} 31. Qc5+ {[%clk 0:15:39]} Kd7 {[%clk 0:13:20]} 32. Qc7+
{[%clk 0:15:32]} Ke8 {[%clk 0:12:59]} 33. a4 {[%clk 0:15:11]} Re7
{[%clk 0:12:46]} 34. Qc8+ {[%clk 0:14:59]} Kf7 {[%clk 0:12:34]} 35. Ng5# 1-0

[Event "Nationale pupillendag 2013"]
[Site "Roosendaal"]
[Date "2013.06.15"]
[Round "4.20"]
[White "Occhipinti, Livio"]
[Black "Sturm, Laurens"]
[Result "1-0"]
[LiveChessVersion "1.4.2"]
[BlackElo "473"]
[WhiteElo "273"]

1. e4 {[%clk 0:19:58]} d5 {[%clk 0:19:59]} 2. exd5 {[%clk 0:19:54]} Qxd5
{[%clk 0:19:55]} 3. Nc3 {[%clk 0:19:52]} Qe6+ 4. Be2 {[%clk 0:19:46]} g6
{[%clk 0:19:44]} 5. Nf3 {[%clk 0:19:43]} Bg7 {[%clk 0:19:42]} 6. Ng5
{[%clk 0:19:42]} Qf6 {[%clk 0:19:38]} 7. Nge4 {[%clk 0:19:40]} Bf5
{[%clk 0:19:35]} 8. Nxf6+ {[%clk 0:19:37]} Bxf6 {[%clk 0:19:33]} 9. d4
{[%clk 0:19:30]} Nh6 {[%clk 0:19:28]} 10. Bxh6 {[%clk 0:19:27]} Nc6
{[%clk 0:19:23]} 11. d5 {[%clk 0:19:21]} Nb4 {[%clk 0:19:21]} 12. a3
{[%clk 0:19:19]} Na6 {[%clk 0:19:12]} 13. Bxa6 {[%clk 0:19:16]} bxa6
{[%clk 0:19:10]} 14. d6 {[%clk 0:19:13]} cxd6 {[%clk 0:19:08]} 15. Nd5
{[%clk 0:19:06]} Bxb2 {[%clk 0:19:02]} 16. Nc7+ {[%clk 0:19:04]} Kd7
{[%clk 0:18:52]} 17. Nxa8 Rxa8 18. Rb1 {[%clk 0:18:57]} Bc3+ {[%clk 0:18:47]} 19.
Kf1 {[%clk 0:18:52]} Be4 {[%clk 0:18:39]} 20. Qe2 {[%clk 0:18:43]} Bf5 21. Qxa6
{[%clk 0:18:32]} Bxc2 {[%clk 0:18:28]} 22. Rb7+ {[%clk 0:18:30]} Kc8
{[%clk 0:18:08]} 23. Qc6+ Kd8 24. Qd7# 1-0

[Event "Nationale pupillendag 2013"]
[Site "Roosendaal"]
[Date "2013.06.15"]
[Round "5.1"]
[White "Muntean, Victor"]
[Black "Schoppen, Jochem"]
[Result "1-0"]
[LiveChessVersion "1.4.2"]
[BlackElo "947"]
[WhiteElo "961"]

1. e4 {[%clk 0:19:58]} c5 {[%clk 0:19:58]} 2. d4 {[%clk 0:19:54]} cxd4
{[%clk 0:19:55]} 3. c3 {[%clk 0:19:52]} dxc3 {[%clk 0:19:51]} 4. Nxc3
{[%clk 0:19:50]} Nc6 {[%clk 0:19:47]} 5. Nf3 {[%clk 0:19:48]} d6 {[%clk 0:19:43]}
6. Bc4 {[%clk 0:19:46]} e6 {[%clk 0:19:40]} 7. Bf4 {[%clk 0:19:40]} a6
{[%clk 0:19:27]} 8. O-O {[%clk 0:19:34]} Nf6 {[%clk 0:19:20]} 9. Bg5
{[%clk 0:19:29]} Be7 {[%clk 0:19:15]} 10. e5 {[%clk 0:19:23]} dxe5
{[%clk 0:18:58]} 11. Qxd8+ {[%clk 0:19:19]} Bxd8 {[%clk 0:18:53]} 12. Rad1
{[%clk 0:18:57]} h6 {[%clk 0:18:35]} 13. Bh4 {[%clk 0:18:54]} g5 {[%clk 0:18:28]}
14. Bg3 {[%clk 0:18:51]} e4 {[%clk 0:18:18]} 15. Ne5 {[%clk 0:18:44]} Nxe5
{[%clk 0:18:11]} 16. Bxe5 {[%clk 0:18:40]} Be7 {[%clk 0:18:10]} 17. Nxe4
{[%clk 0:18:27]} Nxe4 {[%clk 0:17:08]} 18. Bxh8 {[%clk 0:18:20]} f6
{[%clk 0:16:52]} 19. Bxe6 {[%clk 0:18:15]} Bxe6 {[%clk 0:16:46]} 20. Rfe1
{[%clk 0:18:07]} Nc5 {[%clk 0:16:37]} 21. b4 {[%clk 0:18:04]} Bxa2
{[%clk 0:16:14]} 22. bxc5 {[%clk 0:17:54]} Kf7 {[%clk 0:15:52]} 23. Rd7
{[%clk 0:17:50]} Re8 {[%clk 0:15:48]} 24. Rxb7 {[%clk 0:17:36]} Bd5
{[%clk 0:15:22]} 25. Rc7 {[%clk 0:17:22]} Be6 {[%clk 0:14:35]} 26. Rc6
{[%clk 0:17:14]} Rxh8 {[%clk 0:13:46]} 27. Rcxe6 {[%clk 0:17:07]} Bxc5
{[%clk 0:13:43]} 28. Rxa6 {[%clk 0:17:04]} Rd8 {[%clk 0:13:30]} 29. g3
{[%clk 0:16:54]} Rd2 {[%clk 0:13:24]} 30. Rc1 {[%clk 0:16:48]} Bxf2+
{[%clk 0:13:16]} 31. Kf1 {[%clk 0:16:44]} Be3 {[%clk 0:12:37]} 32. Rc7+
{[%clk 0:16:36]} Kg6 {[%clk 0:12:34]} 33. g4 {[%clk 0:16:22]} Rd8
{[%clk 0:11:53]} 34. Re6 {[%clk 0:16:07]} Rg8 {[%clk 0:11:36]} 35. Rxe3
{[%clk 0:16:02]} h5 {[%clk 0:10:47]} 36. gxh5+ {[%clk 0:15:59]} Kxh5
{[%clk 0:10:44]} 37. Rh7+ {[%clk 0:15:52]} Kg4 {[%clk 0:10:42]} 38. h3+
{[%clk 0:15:48]} Kf4 {[%clk 0:10:40]} 39. Re6 {[%clk 0:15:42]} f5
{[%clk 0:10:35]} 40. h4 {[%clk 0:15:37]} g4 {[%clk 0:10:32]} 41. Rd7
{[%clk 0:15:26]} g3 {[%clk 0:10:21]} 42. Rd4+ {[%clk 0:15:14]} Kf3
{[%clk 0:10:12]} 43. Rc6 {[%clk 0:15:04]} Ke3 {[%clk 0:09:50]} 44. Ra4
{[%clk 0:14:51]} f4 {[%clk 0:09:00]} 45. Ke1 {[%clk 0:14:38]} Kf3
{[%clk 0:08:32]} 46. Rf6 {[%clk 0:14:22]} Rg4 {[%clk 0:08:08]} 47. h5
{[%clk 0:14:18]} Rh4 {[%clk 0:07:33]} 48. h6 {[%clk 0:14:15]} g2 {[%clk 0:07:27]}
49. Ra3+ {[%clk 0:14:09]} Ke4 {[%clk 0:07:10]} 50. Rg6 {[%clk 0:14:00]} Rh1+
{[%clk 0:07:06]} 51. Kf2 {[%clk 0:13:58]} Kf5 {[%clk 0:06:06]} 52. Rxg2
{[%clk 0:13:51]} Rxh6 {[%clk 0:06:00]} 53. Ra5+ {[%clk 0:13:42]} Ke4
{[%clk 0:05:52]} 54. Rgg5 {[%clk 0:13:33]} Rd6 {[%clk 0:05:19]} 55. Rge5+
{[%clk 0:13:25]} Kd4 {[%clk 0:05:15]} 56. Ke2 {[%clk 0:13:07]} Rd7
{[%clk 0:04:57]} 57. Reb5 {[%clk 0:12:57]} Ke4 {[%clk 0:04:51]} 58. Ra4+
{[%clk 0:12:15]} Rd4 {[%clk 0:04:33]} 59. Rxd4+ {[%clk 0:12:12]} Kxd4
{[%clk 0:04:29]} 60. Rb4+ {[%clk 0:12:10]} Ke5 {[%clk 0:04:28]} 61. Kf3
{[%clk 0:12:07]} Kd5 {[%clk 0:04:27]} 62. Rxf4 {[%clk 0:12:03]} Ke5
{[%clk 0:04:26]} 63. Ke3 {[%clk 0:12:01]} Kd5 {[%clk 0:04:25]} 64. Re4
{[%clk 0:11:58]} Kd6 {[%clk 0:04:24]} 65. Kd4 {[%clk 0:11:57]} Kc6
{[%clk 0:04:23]} 66. Re5 {[%clk 0:11:55]} Kd6 {[%clk 0:04:23]} 67. Ke4
{[%clk 0:11:53]} Kd7 {[%clk 0:04:21]} 68. Kd5 {[%clk 0:11:51]} Kc7
{[%clk 0:04:20]} 69. Re6 {[%clk 0:11:50]} Kb7 {[%clk 0:04:14]} 70. Kc5
{[%clk 0:11:47]} Kc7 {[%clk 0:04:04]} 71. Re7+ {[%clk 0:11:45]} Kd8
{[%clk 0:04:03]} 72. Rh7 {[%clk 0:11:41]} Ke8 {[%clk 0:04:03]} 73. Ra7
{[%clk 0:11:37]} Kd8 {[%clk 0:04:02]} 74. Kc6 {[%clk 0:11:36]} Ke8
{[%clk 0:04:00]} 75. Kd6 {[%clk 0:11:35]} Kf8 {[%clk 0:03:53]} 76. Ke6
{[%clk 0:11:34]} Kg8 {[%clk 0:03:51]} 77. Kf6 {[%clk 0:11:33]} 1-0

[Event "Nationale pupillendag 2013"]
[Site "Roosendaal"]
[Date "2013.06.15"]
[Round "5.2"]
[White "Nguyen, Lucas"]
[Black "Rutjens, Mika"]
[Result "1/2-1/2"]
[LiveChessVersion "1.4.2"]
[BlackElo "613"]
[WhiteElo "1104"]

1. e4 {[%clk 0:19:58]} e5 {[%clk 0:20:00]} 2. Nf3 {[%clk 0:19:56]} Nf6
{[%clk 0:19:58]} 3. Nxe5 {[%clk 0:19:55]} d6 {[%clk 0:19:57]} 4. Nf3
{[%clk 0:19:53]} Nxe4 {[%clk 0:19:56]} 5. Bc4 {[%clk 0:19:47]} Qe7
{[%clk 0:19:40]} 6. Qe2 {[%clk 0:19:32]} Nf6 {[%clk 0:19:35]} 7. Nc3
{[%clk 0:19:30]} Qxe2+ {[%clk 0:19:29]} 8. Nxe2 {[%clk 0:19:29]} Be7
{[%clk 0:19:17]} 9. d3 {[%clk 0:19:11]} O-O {[%clk 0:18:57]} 10. O-O
{[%clk 0:19:02]} Bg4 {[%clk 0:18:52]} 11. Bf4 {[%clk 0:17:38]} Bxf3
{[%clk 0:18:23]} 12. gxf3 {[%clk 0:17:36]} Nc6 {[%clk 0:18:20]} 13. Kh1
{[%clk 0:17:26]} Nh5 {[%clk 0:18:00]} 14. Be3 {[%clk 0:17:17]} Rad8
{[%clk 0:17:34]} 15. Rg1 {[%clk 0:17:00]} Bf6 {[%clk 0:17:09]} 16. c3
{[%clk 0:16:55]} d5 {[%clk 0:16:51]} 17. Bb3 {[%clk 0:16:50]} d4 {[%clk 0:16:07]}
18. cxd4 {[%clk 0:15:51]} Nxd4 {[%clk 0:16:01]} 19. Nxd4 {[%clk 0:13:54]} Bxd4
{[%clk 0:15:47]} 20. Bh6 {[%clk 0:13:42]} Bf6 {[%clk 0:15:31]} 21. Rad1
{[%clk 0:12:25]} Kh8 {[%clk 0:14:58]} 22. Be3 {[%clk 0:12:19]} b6
{[%clk 0:14:42]} 23. Rd2 {[%clk 0:12:12]} Rfe8 {[%clk 0:14:12]} 24. Bxf7
{[%clk 0:11:39]} Re5 {[%clk 0:13:57]} 25. Bc4 {[%clk 0:10:30]} Re7
{[%clk 0:13:01]} 26. Rc1 {[%clk 0:09:52]} Red7 {[%clk 0:12:12]} 27. Rcd1
{[%clk 0:09:25]} Be5 {[%clk 0:11:34]} 28. Bg5 {[%clk 0:09:03]} Bf6
{[%clk 0:11:02]} 29. Bxf6 {[%clk 0:08:56]} Nxf6 {[%clk 0:10:59]} 30. d4
{[%clk 0:08:42]} Rf8 {[%clk 0:10:19]} 31. Kg2 {[%clk 0:08:26]} Nh5
{[%clk 0:09:53]} 32. Bb3 {[%clk 0:07:39]} Rf6 {[%clk 0:09:33]} 33. Re2
{[%clk 0:07:02]} Nf4+ {[%clk 0:09:19]} 34. Kf1 {[%clk 0:07:01]} Nxe2
{[%clk 0:09:16]} 35. Kxe2 {[%clk 0:07:00]} Re7+ {[%clk 0:09:08]} 36. Kf1
{[%clk 0:06:54]} Rxf3 {[%clk 0:09:02]} 37. Kg2 {[%clk 0:06:41]} Rf5
{[%clk 0:08:47]} 38. Bc4 {[%clk 0:06:23]} Rg5+ {[%clk 0:07:56]} 39. Kf1
{[%clk 0:06:12]} Re4 {[%clk 0:07:30]} 40. Bb3 {[%clk 0:05:47]} Reg4
{[%clk 0:07:16]} 41. Ke2 {[%clk 0:05:24]} g6 {[%clk 0:06:55]} 42. Rd3
{[%clk 0:04:35]} Re4+ 43. Kd2 {[%clk 0:04:02]} Rg2 {[%clk 0:06:07]} 44. Rf3
{[%clk 0:03:21]} Rxd4+ {[%clk 0:05:57]} 45. Kc2 {[%clk 0:03:20]} Rxh2
{[%clk 0:05:45]} 46. Kc3 {[%clk 0:02:55]} Rg4 {[%clk 0:05:36]} 47. Kd3
{[%clk 0:02:13]} Rgh4 {[%clk 0:05:15]} 48. Ke3 {[%clk 0:02:09]} R4h3
{[%clk 0:05:13]} 49. Be6 {[%clk 0:02:01]} Rxf3+ {[%clk 0:05:10]} 50. Kxf3
{[%clk 0:02:00]} Kg7 {[%clk 0:05:05]} 51. Kg3 {[%clk 0:01:59]} Rh1
{[%clk 0:04:56]} 52. Bd5 {[%clk 0:01:54]} Rd1 {[%clk 0:04:47]} 53. Bc4
{[%clk 0:01:46]} Rd2 {[%clk 0:04:41]} 54. b3 {[%clk 0:01:32]} Rd6
{[%clk 0:04:31]} 55. a4 {[%clk 0:01:30]} Kf6 {[%clk 0:04:28]} 56. Kf4
{[%clk 0:01:28]} Rd2 {[%clk 0:04:20]} 57. Ke3 {[%clk 0:01:27]} Rd6
{[%clk 0:04:15]} 58. Ke4 {[%clk 0:01:25]} h5 {[%clk 0:04:00]} 59. Kf3
{[%clk 0:01:24]} h4 {[%clk 0:03:56]} 60. Kg2 {[%clk 0:01:19]} g5 {[%clk 0:03:54]}
61. Kf3 {[%clk 0:01:18]} Rd4 {[%clk 0:03:45]} 62. Kg2 {[%clk 0:01:14]} Rf4
{[%clk 0:03:44]} 63. Kg1 {[%clk 0:01:11]} Ke5 {[%clk 0:03:36]} 64. Be2
{[%clk 0:01:05]} Ke4 {[%clk 0:03:20]} 65. Kg2 {[%clk 0:01:02]} Kf5
{[%clk 0:03:12]} 66. Bd3+ {[%clk 0:01:00]} Re4 {[%clk 0:02:54]} 67. f3
{[%clk 0:00:59]} Kf4 {[%clk 0:02:37]} 68. Bxe4 {[%clk 0:00:57]} g4
{[%clk 0:02:34]} 69. Bc6 {[%clk 0:00:45]} gxf3+ {[%clk 0:02:32]} 70. Bxf3
{[%clk 0:00:43]} Kg5 {[%clk 0:02:30]} 71. Kh3 {[%clk 0:00:42]} Kf4
{[%clk 0:02:27]} 72. Be2 {[%clk 0:00:38]} Kg5 {[%clk 0:02:26]} 73. Bd1
{[%clk 0:00:37]} Kf4 {[%clk 0:02:24]} 74. Kxh4 Ke3 75. Bh5 {[%clk 0:00:24]} Kd4
{[%clk 0:02:23]} 76. Bf7 {[%clk 0:00:23]} Kc3 {[%clk 0:02:20]} 77. Kg5
{[%clk 0:00:22]} Kb4 {[%clk 0:02:19]} 78. Kf4 {[%clk 0:00:22]} Kc5
{[%clk 0:02:16]} 79. Ke5 {[%clk 0:00:21]} c6 {[%clk 0:02:10]} 80. Ke4
{[%clk 0:00:20]} Kd6 {[%clk 0:02:08]} 81. Kd4 {[%clk 0:00:19]} c5+
{[%clk 0:02:07]} 82. Kc4 {[%clk 0:00:18]} a6 {[%clk 0:02:04]} 83. Kc3
{[%clk 0:00:16]} Kc6 {[%clk 0:01:57]} 84. Kc4 {[%clk 0:00:15]} a5
{[%clk 0:01:55]} 85. Be8+ {[%clk 0:00:13]} Kd6 {[%clk 0:01:51]} 86. Kb5
{[%clk 0:00:12]} Kc7 {[%clk 0:01:50]} 87. Bc6 {[%clk 0:00:11]} Kb8
{[%clk 0:01:47]} 88. Kxb6 {[%clk 0:00:10]} Kc8 {[%clk 0:01:42]} 89. Kxa5
{[%clk 0:00:09]} Kc7 {[%clk 0:01:40]} 90. Kb5 {[%clk 0:00:09]} Kc8
{[%clk 0:01:37]} 91. Kxc5 {[%clk 0:00:08]} Kb8 {[%clk 0:01:35]} 92. Bb7
{[%clk 0:00:06]} Kxb7 {[%clk 0:01:34]} 93. Kb5 {[%clk 0:00:06]} Kc7
{[%clk 0:01:32]} 94. a5 {[%clk 0:00:05]} Kb7 {[%clk 0:01:31]} 95. a6+
{[%clk 0:00:04]} Ka7 {[%clk 0:01:30]} 96. Ka5 {[%clk 0:00:04]} Ka8
{[%clk 0:01:28]} 97. b4 {[%clk 0:00:03]} Ka7 {[%clk 0:01:27]} 98. b5
{[%clk 0:00:03]} Ka8 {[%clk 0:01:26]} 99. b6 {[%clk 0:00:02]} Kb8
{[%clk 0:01:25]} 100. a7+ {[%clk 0:00:02]} Kc8 {[%clk 0:01:23]} 101. a8=Q+ Kd7
{[%clk 0:01:20]} 102. b7 {[%clk 0:00:00]} Kd6 {[%clk 0:01:18]} 1/2-1/2